No - Little Mix (All Lyrics) - Statistics

General Stats
  • This quiz has been taken 114 times
  • The average score is 368 of 499
Answer Stats
Answer % Correct
I
99%
no
99%
No
99%
to
97%
the
94%
I'm
93%
now
93%
Now
93%
you
93%
You
93%
a
91%
it
90%
your
90%
in
89%
me
89%
know
87%
too
87%
before
86%
like
86%
And
84%
and
84%
yes
83%
ever
81%
it's
81%
It's
81%
its
81%
many
81%
say
81%
times
81%
was
81%
I've
80%
you're
80%
all
79%
said
79%
that
79%
up
79%
Feelin
77%
baddest
76%
bitch
76%
my
76%
My
76%
not
76%
so
76%
So
76%
alone
74%
known
74%
control
73%
of
73%
feeling
71%
girl
71%
than
71%
Woke
71%
different
70%
limit
70%
under
70%
felt
69%
kind
69%
stronger
69%
even
67%
longer
67%
this
67%
zone
67%
more
64%
lips
63%
read
63%
Told
63%
baby
61%
Pushed
61%
should
61%
See
59%
do
57%
bein
56%
But
56%
but
56%
is
56%
were
56%
never
54%
One
54%
one
54%
playin
53%
games
51%
Can't
50%
fell
50%
yea
50%
gonna
49%
into
49%
better
47%
always
46%
seen
46%
way
46%
when
46%
Yeah
46%
yeah
46%
hate
44%
livin
44%
prisoner
44%
thumb
44%
end
43%
got
43%
run
43%
sick
43%
if
41%
hurry
40%
power
40%
scared
40%
day
37%
done
37%
let
37%
off
37%
win
37%
at
36%
had
36%
what
36%
Cause
34%
claim
34%
doesn't
34%
with
34%
phoenix
33%
thing
33%
walk
33%
amazing
31%
kill
31%
over
31%
shame
31%
rise
30%
mad
27%
out
27%
lonely
26%
feels
24%
karma
23%
dim
20%
tried
20%
would
17%
light
14%
right
14%
little
13%
word
10%
pay
6%
price
6%
set
4%
No matching quizzes found
Score Distribution
Percent of People with Each Score
Percentile by Number Answered
Your Score History
You have not taken this quiz